=LDR 00000nam 2200000 4500 =001 INLIS000000000030777 =005 20130612132909 =008 ***********************************Ind** =035 ##$$0010-061300000030777 =041 ##$$a Ind =082 ##$$a 005.84 =090 ##$$a 005.84, Kri v =100 ##$$a Kristanto, Andri =245 ##$$a Virus VS anti virus, Andri Kristanto =260 ##$$a 2008 $b Yogyakarta =300 ##$$a vii, 191 hlm, 21 cm =650 ##$$a Komputer virus =850 ##$$a NBPNMAT =990 ##$$a 0001/BPAP-NTB/2016